000
00187nam a2200085Ia 4500
008
220204s9999 xx 000 0 und d
082
_a
687.1-053.2
_b
BOY
245
0
_a
Boy's wear
942
_c
BK
999
_c
38691
_d
38691